Bharat bhraman (Record no. 9081)

MARC details
000 -LEADER
fixed length control field 00369nam a2200157Ia 4500
008 - FIXED-LENGTH DATA ELEMENTS--GENERAL INFORMATION
fixed length control field 230917s9999||||xx |||||||||||||| ||und||
020 ## - ISBN
Price Rs. 125.00
040 ## - CATALOGING SOURCE
-- 5001285
Original cataloging agency VIVEKANANDA LIBRARY
041 ## - Language
-- English
082 ## - DDC NUMBER
Classification number 380.145910 G959B
100 ## - MAIN ENTRY--PERSONAL NAME
Personal name Gupta, Vedprakash
245 #0 - TITLE STATEMENT
Title Bharat bhraman
260 ## - PUBLICATION, DISTRIBUTION, ETC. (IMPRINT)
Place of publication, distribution, etc Delhi
Name of publisher, distributor, etc Jeevan Jyoti
Date of publication, distribution, etc 1992
300 ## - PHYSICAL DESCRIPTION
Pages 256 p.
942 ## - ADDED ENTRY ELEMENTS (KOHA)
Koha item type Books
Holdings
Withdrawn status Lost status Damaged status Not for loan Location (home branch) Sublocation or collection (holding branch) Date acquired Koha issues (times borrowed) Koha full call number Accession No. Koha date last seen Koha item type
        VIVEKANANDA LIBRARY VIVEKANANDA LIBRARY 01/03/2021   380.145910 G959B 313202 17/09/2023 Books
© Designed and Maintained by Vivekananda Library, MDU Rohtak